000 00301nam a2200109Ia 4500
008 200302s9999 xx 000 0 und d
100 _aJames Madge & Other
245 _aNarrating Architecture A Retrospective Anthology
260 _bRoutledge Taylor & Francis Group
260 _c2006
300 _a496 P.,
999 _c2745
_d2745